000 01015nam a2200277 i 4500
001 000027137
003 DO-SdBNP
005 20241118092629.0
007 ta
008 110329s1984 dr ab 000 0 spa d
040 _aDO-SdBNP
_bspa
_cBNPHU
_erda
082 4 _axxx
_bM562e, 1984
_222
100 1 _aMeriño, Fernando Arturo de,
_d1833-1906
_951821
_eautor
_4aut.
245 1 0 _aElementos de geografía física, política e histórica de la República Dominicana /
_cFernando Arturo de Meriño ; prefacio, E. Rodríguez Demorizi.
250 _acuarta edición
264 4 _aSanto Domingo :
_bEditora Sociedad Dominicana de Geografía,
_c@1984.
300 _a184 páginas :
_bilustraciones, retratos;
_c18 cm.
336 _atexto
_btxt
_2rdacontent
337 _asin mediación
_bn
_2rdamedia
338 _avolumen
_bnc
_2rdacarrier
490 _aSociedad Dominicana de Geografía
_v19
590 _aInventariado, 2024/BT
700 1 _aRodríguez Demorizi, E.,
_eprefacio
_954199
910 _aBT
942 _2ddc
_cLBS1
999 _c26629
_d26629